banner koha

Manejo de pragas do amendoinzeiro (Registro n. 326709)

MARC details
000 -LÍDER
campo de controle de tamanho fixo 01251naa a22003737a 4500
001 - NÚMERO DE CONTROLE
campo de controle BR9511736
003 - IDENTIFICADOR DO NÚMERO DE CONTROLE
campo de controle BR-BrBNA
005 - DATA E HORÁRIO DA ÚLTIMA TRANSAÇÃO
campo de controle 20240918181746.0
007 - CAMPO FIXO DE DESCRIÇÃO FÍSICA--INFORMAÇÃO GERAL
campo de controle de tamanho fixo ta
008 - CAMPO DE DADOS FIXOS--INFORMAÇÃO GERAL
campo de controle de tamanho fixo 230509b bl.||||| |||| 00| 0 por d
040 ## - FONTE DA CATALOGAÇÃO
Instituição da catalogação original BR-BrBNA
Idioma da catalogação por
Instituição que transcreveu o registro Biblioteca Nacional de Agricultura
041 ## - CÓDIGO DE IDIOMA
Código do idioma do texto/trilha sonora ou título diferente (Pt)
072 ## - CÓDIGO DE CATEGORIA DE ASSUNTO
Código de Categoria de Assunto H10
Código do objeto 0332
-- 4020
090 ## - NÚMERO DE CHAMADA LOCAL
Número de chamada H10 BR9511736
100 1# - ENTRADA PRINCIPAL--NOME PESSOAL
Nome pessoal Silva, M.N. da
100 1# - ENTRADA PRINCIPAL--NOME PESSOAL
Nome pessoal Fernandes, O.A.
100 1# - ENTRADA PRINCIPAL--NOME PESSOAL
Nome pessoal Fernandes, S.C.S.
100 1# - ENTRADA PRINCIPAL--NOME PESSOAL
Nome pessoal Neves, G.S.
100 1# - ENTRADA PRINCIPAL--NOME PESSOAL
Nome pessoal Sanches, S.V.
100 1# - ENTRADA PRINCIPAL--NOME PESSOAL
Nome pessoal Lasca, D.H.C.
100 1# - ENTRADA PRINCIPAL--NOME PESSOAL
Nome pessoal Pazzini, W.
111 1# - ENTRADA PRINCIPAL--NOME DO EVENTO
Nome do evento ou lugar 1. Simposio de Controle de Pragas da Regiao do Paranapanema
Local do evento Assis, SP (Brazil)
Data do evento ou assinatura do tratado 25-27 Oct 1994
245 1# - TÍTULO
Título Manejo de pragas do amendoinzeiro
260 3# - PUBLICAÇÃO, DISTRIBUIÇÃO, ETC.
Local de publicação, distribuição, etc. Sao Paulo, SP (Brasil):
Data da publicação, distribuição, etc. 1994.
500 ## - NOTA GERAL
Nota geral 1. Simposio de Controle de Pragas da Regiao do Paranapanema. Anais<br/>Sao Paulo, SP (Brasil): 1994. p. 106-108<br/>(BR9511736-AM)H10<br/>
650 ## - ASSUNTO--TERMO TÓPICO
Cabeçalho tópico ou nome geográfico Amendoim
650 ## - ASSUNTO--TERMO TÓPICO
Cabeçalho tópico ou nome geográfico Trips
650 ## - ASSUNTO--TERMO TÓPICO
Cabeçalho tópico ou nome geográfico Lagarta
650 ## - ASSUNTO--TERMO TÓPICO
Cabeçalho tópico ou nome geográfico Inseticida
650 ## - ASSUNTO--TERMO TÓPICO
Cabeçalho tópico ou nome geográfico Controle Quimico
773 0# - ENTRADA ANALÍTICA
Título 1. Simposio de Controle de Pragas da Regiao do Paranapanema. Anais
Número de controle do registro H10 BR9511736
Partes relacionadas Sao Paulo, SP (Brasil), 1994. p. 106-108
909 ## -
-- 202404
-- Lucia
-- 55
-- Lucia Elande
942 ## - ELEMENTOS DE ENTRADA ADICIONADOS (KOHA)
Tipo de material Koha Capítulo-Livro
Fonte da classificação ou esquema de arquivamento na estante Classificação AGRIS
Exemplares
Situação do descarte Fonte da classificação ou esquema de arquivamento na estante Situação física Não pode ser emprestado Coleção Biblioteca de origem Biblioteca atual Localização na estante Total de empréstimos Número de telefone completo Data de último acesso Número do exemplar Tipo de material Koha Situação das perdas Data de aquisição Fonte de aquisição
  Classificação AGRIS       Biblioteca Nacional de Agricultura - Binagri Biblioteca Nacional de Agricultura - Binagri Agrobase - Acervo Geral   H10 BR9512117 20/05/2024 01 Capítulo-Livro   2024-04-11 Portaria Interministerial nº 164/94

BINAGRI

Telefone: (61)3218-2567/2388/3357/2097 - binagri@agro.gov.br

Ministério da Agricultura e Pecuária , Esplanada dos Ministérios, Bloco D, Anexo B, Brasília/DF, CEP: 70.043-900